00984nam a2200289 a 450000100060000000300080000600500170001400800410003102000210007203500190009304000270011204100130013908200250015210000140017724501980019126000320038930000350042149000300045650400300048660000150051665000450053165000380057665000130061465500220062770000200064970000250066918025BD-RjUL20211209000227.0140219s1970 nyua b 000 0 eng d a0393098745 (pbk) a(BD-RjUL)18083 aDLCcDLCdBD-RjULbeng1 aenghgrc00a882.01bSOO 19702230 aSophocles10aOedipus tyrannus :ba new translation Passages from ancient authors Religion and pschology: some studies Criticism /cSophocles, translated and edited by Luci Berkowitz and Theodore F. Brunner. aNew York :bNorton,cc1970. aviii, 261 p. :bill. ;c22 cm.0 aA Norton critical edition aBibliography: p. 260-261.00aSophocles. 0aOedipus (Greek mythology) in literature. 0aOedipus (Greek mythology)vDrama. 0aTragedy. 7aTragedies.2gsafd1 aBerkowitz, Luci1 aBrunner, Theodore F.